Statistics for US states with Black Bears

Click here to take the quiz!

General Stats

  • This quiz has been taken 172 times
    (90 since last reset)
  • The average score is 36 of 40

Answer Stats

State% Correct
California
98%
Washington
98%
Alaska
97%
Alabama
95%
Arizona
95%
Idaho
95%
New Mexico
95%
New York
95%
Georgia
93%
Minnesota
93%
Montana
93%
North Carolina
93%
Oregon
93%
Texas
93%
Virginia
93%
Colorado
92%
Florida
92%
Maine
92%
Michigan
92%
South Carolina
92%
West Virginia
92%
New Hampshire
90%
Oklahoma
90%
Utah
90%
Vermont
90%
Wyoming
90%
Connecticut
89%
Kentucky
89%
Pennsylvania
89%
Maryland
87%
Mississippi
87%
Missouri
87%
Rhode Island
87%
Massachusetts
85%
Nevada
85%
Tennessee
85%
Wisconsin
85%
Arkansas
84%
New Jersey
84%
Louisiana
82%

Score Distribution

Percentile by Number Answered

Percent of People with Each Score

Your Score History

You have not taken this quiz since the last reset